000 00282nam a22001337a 4500
008 180917b xxu||||| |||| 00| 0 eng d
041 _aeng
080 _a91
082 _a91
100 _a42
101 _aGJEO
245 _aOur world's heritage
_cGrosvenor,G.M
942 _2udc
_cBK
999 _c47828
_d47828